La investigación científica : su estrategia y su filosofía /

Mario Bunge (1919-), físico y filósofo de la ciencia, nacido en Argentina. Postula que es deber de la filosofía de la ciencia evidenciar los principios generales y las categorías filosóficas que subyacen a toda investigación científica. En esta obra, desarrolla paso a paso el proceso de dicha invest...

Полное описание

Сохранить в:
Библиографические подробности
Главный автор: Bunge, Mario (autor)
Другие авторы: Sacristán, Manuel (traducción) (traducción)
Формат:
Язык:испанский
Опубликовано: Barcelona, España : México : Ariel, 1992, c1969
Редактирование:2a edición
Серии:(Methodos)
Предметы:
Метки: Добавить метку
Нет меток, Требуется 1-ая метка записи!

MARC

LEADER 00000nam^a2200000^a^4500
001 000258854
005 20250521000000.0
009 20260310110344.696
020 |a 84-344-8010-7 
020 |a 968-6640-10-X 
037 |a Acervo Xavier Clavigero 
041 |a ESP 
082 |a 001. 42  |b BUN 
100 |a Bunge, Mario  |e (autor) 
245 1 3 |a La investigación científica :  |b su estrategia y su filosofía /  |c M. Bunge ; tr. por M. Sacristán. 
250 |a 2a edición  |b corregida 
264 4 |a Barcelona, España :  |a México :  |b Ariel,  |c 1992, c1969 
300 |a 955 p. 
336 |a texto  |b txt  |2 rdacontenido 
337 |a sin mediación  |b n  |2 rdamedio 
338 |a volumen  |b nc  |2 rdasoporte 
440 1 |a (Methodos) 
520 |a Mario Bunge (1919-), físico y filósofo de la ciencia, nacido en Argentina. Postula que es deber de la filosofía de la ciencia evidenciar los principios generales y las categorías filosóficas que subyacen a toda investigación científica. En esta obra, desarrolla paso a paso el proceso de dicha investigación: concepto, dilucidación, problema, hipótesis, ley, teoría, explicación, acción, observación, medición, experimento y conclusión. 
649 |a XX 
650 |a Observación 
650 |a Hipótesis 
650 |a Diseño Experimental 
650 |a Control Experimental 
650 |a Medición 
650 |a Método Científico 
650 |a Ciencia -  |x Investigación 
650 |a Ciencia -  |x Metodología 
650 |a Epistemología 
650 |a Investigación -  |x Filosofía 
700 |a Sacristán, Manuel  |e (traducción) 
910 |a Fondo General 
920 |a Impresos - Libros 
930 |a Colección General 
905 |a 101 
901 |a 040586  |b IT1  |c ACC  |u 20250521 
901 |a 049643  |b IT1  |c ACC  |u 20250521 
902 |a https://opac.biblio.iteso.mx/vufind/Record/000258854